000
00327nam a2200109Ia 4500
008
200302s9999 xx 000 0 und d
100
_a
Anthony Speaight & Gregory Stone
245
_a
Architects Legal Handbook : The Law Of Architects --- 5Th Edition
260
_b
Butterworth & Co. Publishers Ltd
260
_c
1990
300
_a
323
999
_c
4554
_d
4554